000 00360pam a2200157 a 4500
020 _a9783540338017
_c
041 _aeng
082 _a617.3
_bPET
100 _aPETERSON H.A.
245 _aEPIPHYSEAL GROWTH PLATE FRACTURES
_hTextual Documents
250 _a1.
260 _bSPRINGER
_c2007
300 _a914:
_bXIX;
_cHB.
930 _a6718
999 _c801245
_d801245
650 _aORTHO